00337 a2200145 4500003000400000005001700004008004100021020001800062040000900080082001900089100001900108245003600127260001800163300001000181OSt20230929114904.0230929b |||||||| |||| 00| 0 eng d a9789389583304 coclc a512.897bRAO/L aRao, Shankar G aLINEAR ALGEBRA /cG Shankar Rao bWiley,c2019. a263 p